000 00720nam a2200253Ia 4500
003 OSt
005 20220918165023.0
006 a|||||r|||| 00| 0
007 ta
008 220917b |||||||| |||| 00| 0 eng d
020 _a0851423469 (pbk)
024 _a158,033
037 _cTextual
040 _aARTS
_cARTS
_beng
041 _2eng
_aeng
082 _a2:97(X:8), P0 (SC)
100 _aCorrall Shelia
_922161
245 0 _aStrategic management of information services
_b a planning handbook
260 _aGreat
_bBritain Aslib MIT PRess
_c2000
300 _a364p.
_ccm.
650 _aLIBRARY SCIENCE
942 _h2:97(X:8), P0 (SC)
_cTEXL
_2CC
999 _c127850
_d127850